<?xml version="1.0" encoding="UTF-8"?>
<record
    xmlns:xsi="http://www.w3.org/2001/XMLSchema-instance"
    xsi:schemaLocation="http://www.loc.gov/MARC21/slim http://www.loc.gov/standards/marcxml/schema/MARC21slim.xsd"
    xmlns="http://www.loc.gov/MARC21/slim">

  <leader>01695nam a22003017a 4500</leader>
  <controlfield tag="003">NALT</controlfield>
  <controlfield tag="005">20241105131055.0</controlfield>
  <controlfield tag="008">190220b        th ||||| |||| 00| 0 tha d</controlfield>
  <datafield tag="020" ind1=" " ind2=" ">
    <subfield code="a">9786168080146</subfield>
  </datafield>
  <datafield tag="040" ind1=" " ind2=" ">
    <subfield code="a">NALT</subfield>
  </datafield>
  <datafield tag="050" ind1=" " ind2=" ">
    <subfield code="a">HV 8252.3</subfield>
    <subfield code="b">&#xE1B;621&#xE01; 2561</subfield>
  </datafield>
  <datafield tag="100" ind1="0" ind2=" ">
    <subfield code="a">&#xE1B;&#xE34;&#xE22;&#xE30; &#xE2D;&#xE38;&#xE17;&#xE32;&#xE42;&#xE22;</subfield>
    <subfield code="9">37412</subfield>
  </datafield>
  <datafield tag="245" ind1="1" ind2="0">
    <subfield code="a">&#xE01;&#xE32;&#xE23;&#xE1A;&#xE23;&#xE34;&#xE2B;&#xE32;&#xE23;&#xE08;&#xE31;&#xE14;&#xE01;&#xE32;&#xE23;&#xE07;&#xE32;&#xE19;&#xE15;&#xE33;&#xE23;&#xE27;&#xE08;&#xE41;&#xE25;&#xE30;&#xE01;&#xE0E;&#xE2B;&#xE21;&#xE32;&#xE22;&#xE17;&#xE35;&#xE48;&#xE40;&#xE01;&#xE35;&#xE48;&#xE22;&#xE27;&#xE02;&#xE49;&#xE2D;&#xE07;&#xE40;&#xE1E;&#xE37;&#xE48;&#xE2D;&#xE01;&#xE32;&#xE23;&#xE14;&#xE39;&#xE41;&#xE25;&#xE04;&#xE27;&#xE32;&#xE21;&#xE1B;&#xE25;&#xE2D;&#xE14;&#xE20;&#xE31;&#xE22;&#xE2A;&#xE32;&#xE18;&#xE32;&#xE23;&#xE13;&#xE30; &#xE23;&#xE32;&#xE0A;&#xE2D;&#xE32;&#xE13;&#xE32;&#xE08;&#xE31;&#xE01;&#xE23;&#xE01;&#xE31;&#xE21;&#xE1E;&#xE39;&#xE0A;&#xE32; /</subfield>
    <subfield code="c">&#xE1B;&#xE34;&#xE22;&#xE30; &#xE2D;&#xE38;&#xE17;&#xE32;&#xE42;&#xE22;...[&#xE41;&#xE25;&#xE30;&#xE04;&#xE19;&#xE2D;&#xE37;&#xE48;&#xE19; &#xE46;].</subfield>
  </datafield>
  <datafield tag="250" ind1=" " ind2=" ">
    <subfield code="a">&#xE1E;&#xE34;&#xE21;&#xE1E;&#xE4C;&#xE04;&#xE23;&#xE31;&#xE49;&#xE07;&#xE17;&#xE35;&#xE48; 1</subfield>
  </datafield>
  <datafield tag="260" ind1=" " ind2=" ">
    <subfield code="a">&#xE19;&#xE04;&#xE23;&#xE1B;&#xE10;&#xE21; :</subfield>
    <subfield code="b">&#xE2A;&#xE33;&#xE19;&#xE31;&#xE01;&#xE07;&#xE32;&#xE19;&#xE15;&#xE33;&#xE23;&#xE27;&#xE08;&#xE41;&#xE2B;&#xE48;&#xE07;&#xE0A;&#xE32;&#xE15;&#xE34;,</subfield>
    <subfield code="c">2561.</subfield>
  </datafield>
  <datafield tag="300" ind1=" " ind2=" ">
    <subfield code="a">79 &#xE2B;&#xE19;&#xE49;&#xE32; :</subfield>
    <subfield code="b">&#xE20;&#xE32;&#xE1E;&#xE1B;&#xE23;&#xE30;&#xE01;&#xE2D;&#xE1A; ;</subfield>
    <subfield code="c">21 &#xE0B;&#xE21;.</subfield>
  </datafield>
  <datafield tag="650" ind1=" " ind2="4">
    <subfield code="9">37424</subfield>
    <subfield code="a">&#xE01;&#xE32;&#xE23;&#xE1A;&#xE23;&#xE34;&#xE2B;&#xE32;&#xE23;&#xE07;&#xE32;&#xE19;&#xE15;&#xE33;&#xE23;&#xE27;&#xE08;</subfield>
    <subfield code="z">&#xE01;&#xE31;&#xE21;&#xE1E;&#xE39;&#xE0A;&#xE32;</subfield>
  </datafield>
  <datafield tag="650" ind1=" " ind2="4">
    <subfield code="9">37426</subfield>
    <subfield code="a">&#xE15;&#xE33;&#xE23;&#xE27;&#xE08;</subfield>
    <subfield code="z">&#xE01;&#xE31;&#xE21;&#xE1E;&#xE39;&#xE0A;&#xE32;</subfield>
  </datafield>
  <datafield tag="650" ind1=" " ind2="4">
    <subfield code="9">37425</subfield>
    <subfield code="a">&#xE15;&#xE33;&#xE23;&#xE27;&#xE08;</subfield>
    <subfield code="x">&#xE01;&#xE0E;&#xE2B;&#xE21;&#xE32;&#xE22;&#xE41;&#xE25;&#xE30;&#xE23;&#xE30;&#xE40;&#xE1A;&#xE35;&#xE22;&#xE1A;&#xE02;&#xE49;&#xE2D;&#xE1A;&#xE31;&#xE07;&#xE04;&#xE31;&#xE1A; </subfield>
    <subfield code="z">&#xE01;&#xE31;&#xE21;&#xE1E;&#xE39;&#xE0A;&#xE32;</subfield>
  </datafield>
  <datafield tag="700" ind1="0" ind2=" ">
    <subfield code="a">&#xE1B;&#xE23;&#xE35;&#xE14;&#xE32; &#xE2A;&#xE16;&#xE32;&#xE27;&#xE23;</subfield>
    <subfield code="9">37358</subfield>
  </datafield>
  <datafield tag="700" ind1="0" ind2=" ">
    <subfield code="a">&#xE27;&#xE35;&#xE23;&#xE1E;&#xE25; &#xE01;&#xE38;&#xE25;&#xE1A;&#xE38;&#xE15;&#xE23;</subfield>
    <subfield code="9">20182</subfield>
  </datafield>
  <datafield tag="700" ind1="0" ind2=" ">
    <subfield code="a">&#xE01;&#xE24;&#xE29;&#xE13;&#xE1E;&#xE07;&#xE04;&#xE4C; &#xE1E;&#xE39;&#xE15;&#xE23;&#xE30;&#xE01;&#xE39;&#xE25;</subfield>
    <subfield code="9">37414</subfield>
  </datafield>
  <datafield tag="700" ind1="0" ind2=" ">
    <subfield code="a">&#xE01;&#xE24;&#xE29;&#xE13;&#xE30; &#xE1E;&#xE31;&#xE12;&#xE19;&#xE40;&#xE08;&#xE23;&#xE34;&#xE0D;</subfield>
    <subfield code="9">37415</subfield>
  </datafield>
  <datafield tag="850" ind1=" " ind2=" ">
    <subfield code="a">NALT</subfield>
  </datafield>
  <datafield tag="942" ind1=" " ind2=" ">
    <subfield code="c">GB</subfield>
    <subfield code="2">lcc</subfield>
  </datafield>
  <datafield tag="998" ind1=" " ind2=" ">
    <subfield code="a">bijaya</subfield>
    <subfield code="b">phon</subfield>
    <subfield code="c">phon</subfield>
    <subfield code="j">8</subfield>
    <subfield code="k"> &#xE19;&#xE32;&#xE22;&#xE1A;&#xE31;&#xE13;&#xE11;&#xE34;&#xE15;  &#xE2D;&#xE38;&#xE17;&#xE32;&#xE27;&#xE07;&#xE04;&#xE4C;</subfield>
  </datafield>
  <datafield tag="999" ind1=" " ind2=" ">
    <subfield code="c">95766</subfield>
    <subfield code="d">95766</subfield>
  </datafield>
  <datafield tag="952" ind1=" " ind2=" ">
    <subfield code="0">0</subfield>
    <subfield code="1">0</subfield>
    <subfield code="2">lcc</subfield>
    <subfield code="4">0</subfield>
    <subfield code="7">0</subfield>
    <subfield code="8">CASEAN</subfield>
    <subfield code="a">NALT</subfield>
    <subfield code="b">NALT</subfield>
    <subfield code="d">2019-02-20</subfield>
    <subfield code="l">1</subfield>
    <subfield code="m">1</subfield>
    <subfield code="o">ASEAN HV 8252.3 &#xE1B;621&#xE01; 2561</subfield>
    <subfield code="p">3961209112</subfield>
    <subfield code="r">2024-11-13 00:00:00</subfield>
    <subfield code="s">2024-11-05</subfield>
    <subfield code="w">2019-02-20</subfield>
    <subfield code="y">GB</subfield>
  </datafield>
  <datafield tag="952" ind1=" " ind2=" ">
    <subfield code="0">0</subfield>
    <subfield code="1">0</subfield>
    <subfield code="2">lcc</subfield>
    <subfield code="4">0</subfield>
    <subfield code="7">0</subfield>
    <subfield code="8">CSEN</subfield>
    <subfield code="a">NALT</subfield>
    <subfield code="b">NALT</subfield>
    <subfield code="c">ASEAN</subfield>
    <subfield code="d">2022-10-02</subfield>
    <subfield code="o">ASEAN HV 8252.3 &#xE1B;621&#xE01; 2561</subfield>
    <subfield code="p">0100010051001</subfield>
    <subfield code="r">2023-02-28 00:00:00</subfield>
    <subfield code="w">2022-10-02</subfield>
    <subfield code="y">GB</subfield>
  </datafield>
</record>
